<?xml version="1.0" encoding="UTF-8"?>
<record
    xmlns:xsi="http://www.w3.org/2001/XMLSchema-instance"
    xsi:schemaLocation="http://www.loc.gov/MARC21/slim http://www.loc.gov/standards/marcxml/schema/MARC21slim.xsd"
    xmlns="http://www.loc.gov/MARC21/slim">

  <leader>02223nam a2200373 a 4500</leader>
  <controlfield tag="001"> </controlfield>
  <controlfield tag="003">DO-SdBNP</controlfield>
  <controlfield tag="005">20220822134732.0</controlfield>
  <controlfield tag="007"> </controlfield>
  <controlfield tag="008">131007s2004    dr ab         001 0 spa d</controlfield>
  <datafield tag="020" ind1=" " ind2=" ">
    <subfield code="a">999347911X</subfield>
  </datafield>
  <datafield tag="040" ind1=" " ind2=" ">
    <subfield code="a">BPMSU</subfield>
    <subfield code="b">spa</subfield>
    <subfield code="c">BPMSU</subfield>
  </datafield>
  <datafield tag="082" ind1=" " ind2="4">
    <subfield code="a">616.025</subfield>
    <subfield code="b">B333u 2004</subfield>
    <subfield code="2">22</subfield>
  </datafield>
  <datafield tag="245" ind1="1" ind2="0">
    <subfield code="a"> Urgencias M&#xE9;dicas  /</subfield>
    <subfield code="c">editor Guarocuya Batista del Villar;colaboradores Freddy Aybar Villarroel...&#xA8;[et.al]</subfield>
  </datafield>
  <datafield tag="250" ind1=" " ind2=" ">
    <subfield code="a">5a. ed. </subfield>
  </datafield>
  <datafield tag="260" ind1=" " ind2=" ">
    <subfield code="a">Santo Domingo :</subfield>
    <subfield code="b"> Editora B&#xFA;ho, </subfield>
    <subfield code="c">2004</subfield>
  </datafield>
  <datafield tag="300" ind1=" " ind2=" ">
    <subfield code="a">1102 p. ;</subfield>
    <subfield code="c">21 cm.</subfield>
    <subfield code="b"> </subfield>
  </datafield>
  <datafield tag="500" ind1=" " ind2=" ">
    <subfield code="a">Incluye datos biogr&#xE1;ficos del autor en la solapa de la cubierta</subfield>
  </datafield>
  <datafield tag="505" ind1="0" ind2=" ">
    <subfield code="a">VOLUMEN 2 -- Trastornos abdominales : hemorragia digestiva alta 650 -- Abdomen agudo no quir&#xFA;rgico 675 -- Trastornos nefrourol&#xF3;gicos : insuficiencia renal aguda 697 -- C&#xF3;lico nefr&#xED;tico 713 -- Trastornos endocrinos : los comas metab&#xF3;licos del paciente diab&#xE9;tico 723 -- Hipoglicemia 746 -- Insuficiencia suprarrenal y crisis adrenal aguda 761 -- Crisis tirot&#xF3;xica 772 -- Urgencias obst&#xE9;tricas 788 -- Urgencias pedi&#xE1;tricas : deshidrataci&#xF3;n aguda 834 -- Diarrea infeccionsa aguda del lactante 850 -- Fiebre en la edad pedi&#xE1;trica 864 -- Convulsiones en el ni&#xF1;o 903 -- Enfermedades respiraorias del reci&#xE9;n nacido 917 -- Urgencias card&#xED;acas del lactante y del ni&#xF1;o 934 -- Accidentes e intoxicaciones en ni&#xF1;os 969 -- Urgencias pedi&#xE1;tricas menos frecuentes 984 -- La fiebre de origen desconocido, &#xBF;Una urgencia m&#xE9;dica? 998 -- Coagulaci&#xF3;n intravascular diseminada 1008 -- Alteraciones del equilibrio hidromineral y &#xE1;cido b&#xE1;sico 1033 -- Algunas im&#xE1;genes en urgencias-II 1080 -- Algunos valores de laboratorios normales : qu&#xED;mica sangu&#xED;nea 1095</subfield>
  </datafield>
  <datafield tag="590" ind1=" " ind2=" ">
    <subfield code="a">Inventariado, 2022/VM</subfield>
  </datafield>
  <datafield tag="650" ind1=" " ind2="4">
    <subfield code="a">Urgencias m&#xE9;dicas</subfield>
    <subfield code="z"> </subfield>
    <subfield code="x"> </subfield>
  </datafield>
  <datafield tag="650" ind1=" " ind2="4">
    <subfield code="a">Primeros auxilios | </subfield>
  </datafield>
  <datafield tag="700" ind1="1" ind2=" ">
    <subfield code="a">Batista del Villar, Guarocuya</subfield>
    <subfield code="e">ed.</subfield>
  </datafield>
  <datafield tag="700" ind1="1" ind2=" ">
    <subfield code="a"> Freddy Aybar Villarroel</subfield>
    <subfield code="e">colaborador </subfield>
  </datafield>
  <datafield tag="710" ind1="2" ind2=" ">
    <subfield code="a">Asociaci&#xF3;n M&#xE9;dica Dominicana</subfield>
  </datafield>
  <datafield tag="910" ind1=" " ind2=" ">
    <subfield code="a"> VMateo V. </subfield>
  </datafield>
  <datafield tag="930" ind1=" " ind2="1">
    <subfield code="l"> </subfield>
    <subfield code="m"> </subfield>
    <subfield code="h"> </subfield>
    <subfield code="8"> </subfield>
    <subfield code="f"> </subfield>
    <subfield code="p"> </subfield>
    <subfield code="g"> </subfield>
  </datafield>
  <datafield tag="942" ind1=" " ind2=" ">
    <subfield code="2">ddc</subfield>
    <subfield code="c">BK</subfield>
  </datafield>
  <datafield tag="945" ind1=" " ind2=" ">
    <subfield code="a">Inventariado / 2017 VM</subfield>
  </datafield>
  <datafield tag="952" ind1=" " ind2=" ">
    <subfield code="0">0</subfield>
    <subfield code="1">0</subfield>
    <subfield code="2">ddc</subfield>
    <subfield code="4">0</subfield>
    <subfield code="7">0</subfield>
    <subfield code="8">CD</subfield>
    <subfield code="a">BPMET</subfield>
    <subfield code="b">BPMET</subfield>
    <subfield code="d">2022-08-22</subfield>
    <subfield code="o">BPMSU CD 616.025 B333u 2004</subfield>
    <subfield code="p">BPMSU22080015</subfield>
    <subfield code="r">2022-08-22</subfield>
    <subfield code="t">V.2</subfield>
    <subfield code="w">2022-08-22</subfield>
    <subfield code="y">BK</subfield>
  </datafield>
  <datafield tag="952" ind1=" " ind2=" ">
    <subfield code="0">0</subfield>
    <subfield code="1">0</subfield>
    <subfield code="2">ddc</subfield>
    <subfield code="4">0</subfield>
    <subfield code="7">0</subfield>
    <subfield code="8">CD</subfield>
    <subfield code="a">BPMET</subfield>
    <subfield code="b">BPMET</subfield>
    <subfield code="d">2022-08-22</subfield>
    <subfield code="o">BPMSU CD 616.025 B333u 2004</subfield>
    <subfield code="p">BPMSU22080016</subfield>
    <subfield code="r">2022-08-22</subfield>
    <subfield code="t">V.1</subfield>
    <subfield code="w">2022-08-22</subfield>
    <subfield code="y">BK</subfield>
  </datafield>
  <datafield tag="956" ind1=" " ind2=" ">
    <subfield code="a"> </subfield>
    <subfield code="b"> </subfield>
    <subfield code="c"> </subfield>
    <subfield code="l"> </subfield>
    <subfield code="h"> </subfield>
  </datafield>
  <datafield tag="956" ind1=" " ind2=" ">
    <subfield code="a"> </subfield>
    <subfield code="b"> </subfield>
    <subfield code="c"> </subfield>
    <subfield code="l"> </subfield>
    <subfield code="h"> </subfield>
  </datafield>
  <datafield tag="956" ind1=" " ind2=" ">
    <subfield code="a"> </subfield>
    <subfield code="b"> </subfield>
    <subfield code="c"> </subfield>
    <subfield code="l"> </subfield>
    <subfield code="h"> </subfield>
  </datafield>
  <datafield tag="956" ind1=" " ind2=" ">
    <subfield code="a">VMATEO</subfield>
    <subfield code="b">10</subfield>
    <subfield code="c">20150327</subfield>
    <subfield code="l">BPMSU</subfield>
    <subfield code="h">00151</subfield>
  </datafield>
  <datafield tag="999" ind1=" " ind2=" ">
    <subfield code="c">14239</subfield>
    <subfield code="d">14239</subfield>
  </datafield>
</record>
